Oscar Nominees for Best Picture - Statistics

General Stats
  • This quiz has been taken 740 times
    733 since last reset
  • The average score is 280 of 601
Answer Stats
Year Film % Correct
1972 The Godfather
92%
2000 Gladiator
89%
2023 Oppenheimer
89%
1994 Forrest Gump
87%
2019 Parasite
87%
2003 The Lord of the Rings: The Return of the King
87%
2016 Moonlight
86%
1974 The Godfather Part II
86%
2001 The Lord of the Rings: The Fellowship of the Ring
86%
1997 Titanic
86%
1943 Casablanca
85%
1993 Schindler's List
84%
2020 Nomadland
83%
2022 All Quiet on the Western Front
82%
1929/30 All Quiet On The Western Front
82%
1999 American Beauty
82%
2018 Green Book
82%
2006 The Departed
82%
1991 The Silence of the Lambs
82%
2002 Chicago
81%
2021 CODA
81%
2005 Crash
81%
2016 La La Land
81%
2007 No Country for Old Men
81%
1998 Saving Private Ryan
81%
2015 Spotlight
81%
2010 The King's Speech
81%
2017 The Shape of Water
81%
2013 12 Years a Slave
80%
2012 Argo
80%
2009 Avatar
80%
2023 Barbie
80%
2022 Everything Everywhere All at Once
80%
1939 Gone with the Wind
80%
1975 One Flew Over the Cuckoo's Nest
80%
1976 Rocky
80%
2008 Slumdog Millionaire
80%
1961 | 2021 West Side Story
80%
2001 A Beautiful Mind
79%
2014 Birdman or (The Unexpected Virtue of Ignorance)
79%
1982 Gandhi
79%
1975 Jaws
79%
1979 Kramer vs. Kramer
79%
2019 Once Upon a Time in Hollywood
79%
1998 Shakespeare in Love
79%
1977 Star Wars
79%
2009 The Hurt Locker
79%
1984 Amadeus
78%
1995 Braveheart
78%
2004 Million Dollar Baby
78%
2011 The Artist
78%
1965 The Sound of Music
78%
1977 Annie Hall
77%
1989 Driving Miss Daisy
77%
1994 Pulp Fiction
77%
2018 Roma
77%
1969 Z
77%
1990 Dances with Wolves
76%
1985 Out of Africa
76%
1986 Platoon
76%
1982 E.T. the Extra-Terrestrial
75%
1978 The Deer Hunter
75%
1992 Unforgiven
75%
1950 All About Eve
74%
1959 Ben-Hur
74%
2010 Inception
74%
1964 My Fair Lady
74%
1954 On the Waterfront
74%
1996 The English Patient
74%
2015 The Revenant
74%
1994 The Shawshank Redemption
74%
2005 Brokeback Mountain
73%
1962 Lawrence of Arabia
73%
1970 Patton
73%
1927/28 Wings
73%
1996 Fargo
72%
1990 Goodfellas
72%
1932/33 | 2019 Little Women
72%
2023 Poor Things
72%
1980 Raging Bull
72%
1960 The Apartment
72%
1981 Chariots of Fire
71%
1958 Gigi
71%
1948 Hamlet
71%
1968 Oliver!
71%
1988 Rain Man
71%
1940 Rebecca
71%
1976 Taxi Driver
71%
1971 The French Connection
71%
2017 Dunkirk
70%
2013 Gravity
70%
2012 Lincoln
70%
1969 Midnight Cowboy
70%
1983 Terms of Endearment
70%
1990 The Godfather Part III
70%
1973 The Sting
70%
2009 Up
70%
1937 | 2018 A Star Is Born
69%
2012 Django Unchained
69%
2019 Joker
69%
2016 Lion
69%
1955 Marty
69%
1980 Ordinary People
69%
2015 Room
69%
1957 The Bridge on the River Kwai
69%
2006 The Queen
69%
2019 1917
68%
1979 Apocalypse Now
68%
1941 Citizen Kane
68%
2009 Inglourious Basterds
68%
2018 The Favourite
68%
2017 Lady Bird
67%
1987 The Last Emperor
67%
2002 The Pianist
67%
2017 Three Billboards Outside Ebbing, Missouri
67%
2018 Black Panther
66%
1997 Good Will Hunting
66%
1941 How Green Was My Valley
66%
2020 The Father
66%
2023 Anatomy of a Fall
65%
1956 Around the World in 80 Days
65%
1991 Beauty and the Beast
65%
2002 Gangs of New York
65%
1964 Mary Poppins
65%
1952 The Greatest Show on Earth
65%
2007 There Will Be Blood
65%
1939 The Wizard of Oz
65%
2013 The Wolf of Wall Street
65%
2010 Toy Story 3
65%
1976 All the President's Men
64%
1972 Cabaret
64%
2021 Dune
64%
2000 Erin Brockovich
64%
1953 From Here to Eternity
64%
2017 Get Out
64%
1934 It Happened One Night
64%
1981 Raiders of the Lost Ark
64%
1949 All the King's Men
63%
2013 American Hustle
63%
1951 An American in Paris
63%
1974 Chinatown
63%
1967 In the Heat of the Night
63%
1998 Life Is Beautiful
63%
1950 Sunset Boulevard
63%
2014 The Grand Budapest Hotel
63%
2017 The Post
63%
2021 The Power of the Dog
63%
1963 Tom Jones
63%
1930/31 Cimarron
62%
2007 Juno
62%
2012 Silver Linings Playbook
62%
2004 The Aviator
62%
2009 The Blind Side
62%
1928/29 The Broadway Melody
62%
1985 The Color Purple
62%
1993 The Piano
62%
1957 12 Angry Men
61%
2023 American Fiction
61%
1951 A Streetcar Named Desire
61%
2010 Black Swan
61%
1932/33 Cavalcade
61%
1931/32 Grand Hotel
61%
2013 Her
61%
1991 JFK
61%
1946 The Best Years of Our Lives
61%
1967 The Graduate
61%
2011 The Help
61%
2008 The Reader
61%
2010 The Social Network
61%
1966 A Man for All Seasons
60%
1967 Bonnie and Clyde
60%
1935 | 2012 Les Misérables
60%
1942 Mrs. Miniver
60%
1973 The Exorcist
60%
1999 The Sixth Sense
60%
2005 Capote
59%
1946 It's a Wonderful Life
59%
2023 Killers of the Flower Moon
59%
2012 Life of Pi
59%
1935 | 1962 Mutiny on the Bounty
59%
1981 Reds
59%
1999 The Green Mile
59%
1937 The Life of Emile Zola
59%
1945 The Lost Weekend
59%
1995 Babe
58%
1969 Butch Cassidy and the Sundance Kid
58%
2021 King Richard
58%
2022 Tár
58%
1997 As Good as It Gets
57%
2018 BlacKkKlansman
57%
2018 Bohemian Rhapsody
57%
1989 Dead Poets Society
57%
1965 Doctor Zhivago
57%
1967 Guess Who's Coming to Dinner
57%
2019 Jojo Rabbit
57%
2019 Marriage Story
57%
2008 Milk
57%
2001 Moulin Rouge!
57%
1952 Moulin Rouge
57%
1976 Network
57%
1936 The Great Ziegfeld
57%
2019 The Irishman
57%
2022 Top Gun: Maverick
57%
2009 Up In The Air
57%
2012 Zero Dark Thirty
57%
2014 American Sniper
56%
2014 Boyhood
56%
2000 Chocolat
56%
2000 Crouching Tiger, Hidden Dragon
56%
2017 Darkest Hour
56%
1964 Dr. Strangelove or: How I Learned to Stop Worrying and Love the Bomb
56%
1944 Going My Way
56%
1986 Hannah and Her Sisters
56%
2003 Lost in Translation
56%
2003 Mystic River
56%
2004 Ray
56%
1936 | 1968 Romeo and Juliet
56%
1995 Sense and Sensibility
56%
2015 The Martian
56%
2010 True Grit
56%
1938 You Can't Take It with You
56%
2007 Atonement
55%
1989 Born on the Fourth of July
55%
2015 Brooklyn
55%
1934 | 1963 Cleopatra
55%
2013 Dallas Buyers Club
55%
1947 Gentleman's Agreement
55%
2016 Hacksaw Ridge
55%
1952 High Noon
55%
2015 Mad Max: Fury Road
55%
2023 Maestro
55%
1989 My Left Foot
55%
1981 On Golden Pond
55%
1953 Roman Holiday
55%
2010 The Fighter
55%
2002 The Hours
55%
2002 The Lord of the Rings: The Two Towers
55%
1968 Funny Girl
54%
2016 Hidden Figures
54%
2006 Little Miss Sunshine
54%
2003 Master and Commander: The Far Side of the World
54%
2017 Phantom Thread
54%
2022 The Fabelmans
54%
2023 The Holdovers
54%
2014 The Theory of Everything
54%
1962 To Kill a Mockingbird
54%
1971 A Clockwork Orange
53%
1995 Apollo 13
53%
1975 Barry Lyndon
53%
2015 Bridge of Spies
53%
1998 Elizabeth
53%
2011 Hugo
53%
2021 Licorice Pizza
53%
2016 Manchester by the Sea
53%
2020 Promising Young Woman
53%
2014 The Imitation Game
53%
2014 Whiplash
53%
1966 Who's Afraid of Virginia Woolf?
53%
2016 Arrival
52%
2022 Avatar: The Way of Water
52%
2017 Call Me by Your Name
52%
1944 Double Indemnity
52%
2020 Mank
52%
2005 Munich
52%
2011 War Horse
52%
2021 Don't Look Up
51%
2022 Elvis
51%
2001 Gosford Park
51%
2011 Midnight in Paris
51%
1987 Moonstruck
51%
2018 Vice
51%
1986 A Room with a View
50%
1975 Dog Day Afternoon
50%
1990 Ghost
50%
2021 Nightmare Alley
50%
2008 The Curious Case of Benjamin Button
50%
1980 The Elephant Man
50%
1956 The King and I
50%
1985 Witness
50%
1992 A Few Good Men
49%
1973 American Graffiti
49%
2012 Amour
49%
2021 Belfast
49%
1971 Fiddler on the Roof
49%
2019 Ford v Ferrari
49%
1992 Howards End
49%
1970 M*A*S*H
49%
2020 Minari
49%
1975 Nashville
49%
1940 The Letter
49%
1968 The Lion in Winter
49%
1956 The Ten Commandments
49%
1998 The Thin Red Line
49%
2020 The Trial of the Chicago 7
49%
2023 The Zone of Interest
49%
1982 Tootsie
49%
2006 Babel
48%
2016 Fences
48%
2008 Frost/Nixon
48%
1956 Giant
48%
2020 Judas and the Black Messiah
48%
2007 Michael Clayton
48%
1992 Scent of a Woman
48%
1996 Shine
48%
1940 The Philadelphia Story
48%
1993 The Remains of the Day
48%
1979 All That Jazz
47%
1987 Fatal Attraction
47%
1994 Four Weddings and a Funeral
47%
1946 Henry V
47%
1996 Jerry Maguire
47%
1997 L.A. Confidential
47%
1994 Quiz Show
47%
2014 Selma
47%
2015 The Big Short
47%
2011 The Descendants
47%
1940 The Grapes of Wrath
47%
1941 The Maltese Falcon
47%
1958 Cat on a Hot Tin Roof
46%
2021 Drive My Car
46%
2005 Good Night, and Good Luck
46%
2013 Philomena
46%
2009 Precious: Based on the Novel 'Push' by Sapphire
46%
2022 Women Talking
46%
2009 An Education
45%
2013 Captain Phillips
45%
1947 Great Expectations
45%
1977 Julia
45%
2011 Moneyball
45%
1939 Stagecoach
45%
1993 The Fugitive
45%
1971 The Last Picture Show
45%
2009 A Serious Man
44%
1961 Judgment at Nuremberg
44%
1939 Mr. Smith Goes to Washington
44%
2022 The Banshees of Inisherin
44%
1999 The Cider House Rules
44%
2000 Traffic
44%
1978 Coming Home
43%
1988 Dangerous Liaisons
43%
1944 Gaslight
43%
1985 Kiss of the Spider Woman
43%
2006 Letters from Iwo Jima
43%
1988 Mississippi Burning
43%
1979 Norma Rae
43%
2023 Past Lives
43%
2003 Seabiscuit
43%
2004 Sideways
43%
1984 The Killing Fields
43%
1974 The Towering Inferno
43%
1991 Bugsy
42%
1996 Secrets & Lies
42%
1974 The Conversation
42%
1997 The Full Monty
42%
1940 The Great Dictator
42%
1999 The Insider
42%
2012 Beasts of the Southern Wild
41%
1986 Children of a Lesser God
41%
1980 Coal Miner's Daughter
41%
2004 Finding Neverland
41%
1938 Jezebel
41%
1970 Love Story
41%
2010 127 Hours
40%
1990 Awakenings
40%
1993 In the Name of the Father
40%
2013 Nebraska
40%
1992 The Crying Game
40%
1984 A Passage to India
39%
2011 Extremely Loud & Incredibly Close
39%
2001 In the Bedroom
39%
1953 Shane
39%
1977 The Goodbye Girl
39%
2010 Winter's Bone
39%
1970 Airport
38%
1951 A Place in the Sun
38%
1953 Julius Caesar
38%
1987 Broadcast News
37%
2016 Hell or High Water
37%
1978 Midnight Express
37%
1948 The Red Shoes
37%
2011 The Tree of Life
37%
2022 Triangle of Sadness
37%
1957 Witness for the Prosecution
37%
1988 Working Girl
37%
1939 Wuthering Heights
37%
1969 Hello, Dolly!
36%
1974 Lenny
36%
1980 Tess
36%
1986 The Mission
36%
1982 The Verdict
36%
1935 A Midsummer Night's Dream
35%
1950 Born Yesterday
35%
2009 District 9
35%
1982 Missing
35%
1958 Separate Tables
35%
1941 Suspicion
35%
1983 Tender Mercies
35%
1961 The Hustler
35%
1964 Zorba the Greek
35%
1966 Alfie
34%
1959 Anatomy of a Murder
34%
1959 Room at the Top
34%
1959 The Diary of Anne Frank
34%
1949 The Heiress
34%
1932/33 The Private Life of Henry VIII
34%
1983 The Right Stuff
34%
1947 Miracle on 34th Street
33%
2020 Sound of Metal
33%
1969 Anne of the Thousand Days
32%
1939 Goodbye, Mr. Chips
32%
1945 Mildred Pierce
32%
1965 Ship of Fools
32%
1938 The Adventures of Robin Hood
32%
1983 The Dresser
32%
1948 The Treasure of the Sierra Madre
32%
1936 A Tale of Two Cities
31%
1964 Becket
31%
1967 Doctor Dolittle
31%
1989 Field of Dreams
31%
1971 Nicholas and Alexandra
31%
1939 Of Mice and Men
31%
1954 Seven Brides for Seven Brothers
31%
1983 The Big Chill
31%
1928/29 The Patriot
31%
1991 The Prince of Tides
31%
1955 The Rose Tattoo
31%
1963 America America
30%
1935 David Copperfield
30%
1943 | 1978 Heaven Can Wait
30%
1963 How the West Was Won
30%
1938 Pygmalion
30%
1952 The Quiet Man
30%
1958 Auntie Mame
29%
1935 Broadway Melody of 1936
29%
1972 Deliverance
29%
1929/30 Disraeli
29%
1940 Kitty Foyle
29%
1936 Mr. Deeds Goes to Town
29%
1955 Picnic
29%
1985 Prizzi's Honor
29%
1936 San Francisco
29%
1988 The Accidental Tourist
29%
1929/30 The Divorcee
29%
2010 The Kids Are All Right
29%
1966 The Russians Are Coming, the Russians Are Coming
29%
1948 The Snake Pit
29%
1960 The Sundowners
29%
1932/33 42nd Street
28%
1927/28 7th Heaven
28%
1961 Fanny
28%
1970 Five Easy Pieces
28%
1943 For Whom the Bell Tolls
28%
1987 Hope and Glory
28%
1954 The Caine Mutiny
28%
1977 The Turning Point
28%
1981 Atlantic City
27%
1952 Ivanhoe
27%
1968 Rachel, Rachel
27%
1957 Sayonara
27%
1960 The Alamo
27%
1962 The Music Man
27%
1935 Top Hat
27%
1978 An Unmarried Woman
26%
1938 Boys Town
26%
1940 Our Town
26%
1984 Places in the Heart
26%
1945 Spellbound
26%
1954 The Country Girl
26%
1941 The Little Foxes
26%
1979 Breaking Away
25%
1950 Father of the Bride
25%
1932/33 State Fair
25%
1961 The Guns of Navarone
25%
1953 The Robe
25%
1928/29 In Old Arizona
24%
1950 King Solomon's Mines
24%
1955 Love Is a Many-Splendored Thing
24%
1937 Stage Door
24%
1945 The Bells of St. Mary's
24%
1972 The Emigrants
24%
1984 A Soldier's Story
23%
1965 Darling
23%
1960 Elmer Gantry
23%
1943 In Which We Serve
23%
1930/31 The Front Page
23%
1932/33 A Farewell to Arms
22%
1973 Cries and Whispers
22%
1963 Lilies of the Field
22%
1957 Peyton Place
22%
1960 Sons and Lovers
22%
1972 Sounder
22%
1958 The Defiant Ones
22%
1995 The Postman (Il Postino)
22%
1976 Bound for Glory
21%
1939 Love Affair
21%
1943 Madame Curie
21%
1945 Anchors Aweigh
20%
1948 Johnny Belinda
20%
1941 Sergeant York
20%
1932/33 She Done Him Wrong
20%
1930/31 Skippy
20%
1937 The Awful Truth
20%
1934 The Gay Divorcee
20%
1962 The Longest Day
20%
1942 The Pride of the Yankees
20%
1947 Crossfire
19%
1939 Dark Victory
19%
1940 Foreign Correspondent
19%
1937 In Old Chicago
19%
1955 Mister Roberts
19%
1939 Ninotchka
19%
1951 Quo Vadis
19%
1959 The Nun's Story
19%
1943 The Ox-Bow Incident
19%
1927/28 The Racket
19%
1943 The Song of Bernadette
19%
1944 Wilson
19%
1931/32 Bad Girl
18%
1935 Captain Blood
18%
1937 Captains Courageous
18%
1931/32 The Champ
18%
1935 The Informer
18%
1966 The Sand Pebbles
18%
1936 The Story of Louis Pasteur
18%
1928/29 Alibi
17%
1973 A Touch of Class
17%
1947 The Bishop's Wife
17%
1942 The Magnificent Ambersons
17%
1934 Imitation of Life
16%
1946 The Yearling
16%
1935 Alice Adams
15%
1965 A Thousand Clowns
15%
1949 Battleground
15%
1936 Dodsworth
15%
1956 Friendly Persuasion
15%
1938 Grand Illusion
15%
1931/32 Shanghai Express
15%
1938 The Citadel
15%
1934 The Thin Man
15%
1942 49th Parallel
14%
1938 Alexander's Ragtime Band
14%
1940 All This, and Heaven Too
14%
1951 Decision Before Dawn
14%
1941 Here Comes Mr. Jordan
14%
1928/29 Hollywood Revue
14%
1942 Kings Row
14%
1932/33 Lady for a Day
14%
1942 Random Harvest
14%
1938 Test Pilot
14%
1937 The Good Earth
14%
1940 The Long Voyage Home
14%
1954 Three Coins in the Fountain
14%
1949 A Letter to Three Wives
13%
1931/32 Arrowsmith
13%
1938 Four Daughters
13%
1943 The Human Comedy
13%
1942 The Pied Piper
13%
1946 The Razor's Edge
13%
1949 Twelve O'Clock High
13%
1936 Anthony Adverse
12%
1930/31 East Lynne
12%
1934 Here Comes the Navy
12%
1941 Hold Back the Dawn
12%
1932/33 I Am a Fugitive from a Chain Gang
12%
1936 Libeled Lady
12%
1937 Lost Horizon
12%
1941 One Foot in Heaven
12%
1931/32 One Hour with You
12%
1934 The Barretts of Wimpole Street
12%
1929/30 The Big House
12%
1931/32 The Smiling Lieutenant
12%
1936 Three Smart Girls
12%
1943 Watch on the Rhine
12%
1943 The More the Merrier
11%
1942 Yanke Doodle Dandy
11%
1941 Blossoms in the Dust
10%
1937 Dead End
10%
1931/32 Five Star Final
10%
1934 One Night of Love
10%
1932/33 Smilin' Through
10%
1929/30 The Love Parade
10%
1930/31 Trader Horn
10%
1934 Viva Villa!
10%
1942 Wake Island
10%
1934 Flirtation Walk
9%
1935 Naughty Marietta
9%
1935 Ruggles of Red Gap
9%
1944 Since You Went Away
9%
1934 The House of Rothschild
9%
1942 The Talk of the Town
9%
1934 The White Parade
8%
1937 One Hundred Men and a Girl
7%
1935 The Lives of a Bengal Lancer
7%
No matching quizzes found
Score Distribution
Percent of People with Each Score
Percentile by Number Answered
Your Score History
You have not taken this quiz since the last reset